Liste de consoles de jeux vidéo Neuvième génération (depuis 2020) - Statistiques

Statistiques générales
  • Ce quiz a été pris 25 fois
  • Le résultat moyen est 7 sur 14
Statistiques - réponses
Nom de la console Date Constructeur Type de quiz % Correct
14 Nintendo Switch 2 2025 Nintendo Console hybride
100%
1 PlayStation 5 2020 Sony Console
95%
4 Xbox Series S 2020 Microsoft Console
80%
3 Xbox Series X 2020 Microsoft Console
80%
2 PlayStation 5 Digital 2020 Sony Console
75%
13 PlayStation 5 Pro 2024 Sony Console
75%
12 PlayStation 5 Slim 2023 Sony Console
75%
8 Playdate 2021 Panic Console portable
30%
9 Steam Deck 2022 Valve Console portable
25%
11 Asus ROG Ally 2023 Asus Console portable
20%
5 Atari VCS 2020 Atari Console dédiée
20%
10 Amazon Luna 2022 Amazon Jeu à la demande
10%
6 GeForce Now 2020 Nvidia Jeu à la demande
10%
7 Polymega 2021 Playmaji Console d'émulation
5%
Aucun quiz correspondant
Distribution des résultats
% des personnes avec chaque résultat
Percentile par nombre de réponses
Votre historique - résultats
Vous n’avez pas pris ce quiz